Exodus (Record no. 29920)

MARC details
000 -LEADER
fixed length control field 00675nam a2200181Ia 4500
020 ## - INTERNATIONAL STANDARD BOOK NUMBER
ISBN 9780802797452
050 ## - CALL MARK
Classification number PZ 7.B4627 .B47/
100 ## - STATEMENT OF RESPONSIBILITY--MAIN AUTHOR NAME
Personal name Bertagna, Julie.
245 #0 - TITLE STATEMENT
Title Exodus
260 ## - PUBLICATION, DISTRIBUTION, ETC. (IMPRINT)
Place of publication New York
260 ## - PUBLICATION, DISTRIBUTION, ETC. (IMPRINT)
Name of publisher Walker & Company
260 ## - PUBLICATION, DISTRIBUTION, ETC. (IMPRINT)
Year of publication 2002
300 ## - PHYSICAL DESCRIPTION
Number of Pages 345 p
650 ## - SUBJECT ADDED ENTRY--TOPICAL TERM
Topical Term Survival--Juvenile fiction. Voyages and travels--Juvenile fiction. Altruism--Juvenile fiction. Global warming--Juvenile fiction. Floods--Juvenile fiction. Survival--Fiction. Voyages and travels--Fiction. Altruism--Fiction. Global warming--Fiction. Floods--Fiction. Science fiction.
942 ## - ADDED ENTRY ELEMENTS (KOHA)
Koha item type Books
Holdings
Withdrawn status Lost status Source of classification or shelving scheme Damaged status Not for loan Permanent Location Current Location Date acquired Accession Number Price effective from Koha item type
    Library of Congress Classification     Law Library Law Library 04/23/2025 0195200 04/23/2025 Books